Holiday Quiz

Random Holiday or World Quiz

Criteria Holidays Quiz Stats

Quiz Updated Jul 14, 2015

Challenge
Share
Tweet
Embed
Score 0/10 Timer 05:00
0 Plays Today
% Correct
???
100%
???
70.8%
???
51.3%
???
36.1%
???
25.3%
???
21.8%
???
18.4%
???
17.9%
???
17.4%
???
17.3%

You're not logged in!

Compare scores with friends on all Sporcle quizzes.
Sign Up with Email
OR
Log In

You Might Also Like...

Show Comments

Extras

Top Quizzes Today


Score Distribution

Your Account Isn't Verified!

In order to create a playlist on Sporcle, you need to verify the email address you used during registration. Go to your Sporcle Settings to finish the process.